Principios contables
Saved in:
| Main Authors: | , |
|---|---|
| Format: | Bog |
| Sprog: | spansk |
| Udgivet: |
Buenos Aires
El Ateneo
1982
|
| Udgivelse: | 3a. ed |
| Serier: | Biblioteca de ciencias económicas. Serie contabilidad
|
| Fag: | |
| Tags: |
Tilføj Tag
Ingen Tags, Vær først til at tagge denne postø!
|
MARC
| LEADER | 00000nam a2200000 a 4500 | ||
|---|---|---|---|
| 001 | UCW2791 | ||
| 003 | CL-VaPUC | ||
| 008 | 901218e19820000AG |||||||||||||||||spa|d | ||
| 082 | 0 | 4 | |a 657 |b ANT |2 21 |
| 100 | 0 | |a Anthony, Robert N |e author |9 307094 | |
| 700 | 0 | |a Reece, James S |e author |9 307095 | |
| 245 | 1 | 0 | |a Principios contables |
| 250 | |a 3a. ed | ||
| 300 | |a 553 p | ||
| 942 | |c BK | ||
| 945 | |d 19901218 00:00:00 | ||
| 260 | |a Buenos Aires |b El Ateneo |c 1982 | ||
| 650 | 0 | |a Contabilidad |9 261430 | |
| 583 | |a last modification |c 19901218 00:00:00 |k Rodrigo Vera | ||
| 490 | 0 | |a Biblioteca de ciencias económicas. Serie contabilidad | |
| 999 | |c 217236 |d 217234 | ||
| 952 | |0 0 |1 0 |4 0 |6 657_000000000000000_ANT_1982 |7 0 |8 A |9 204277 |a BIBGIM |b BIBGIM |d 2019-11-15 |i 2714787 |o 657 ANT 1982 |p 2714787 |r 2025-01-15 |w 2019-11-15 |y BK |k COM | ||